Paesi senza sbocco sul mare - Morte improvvisa - Statistics

Statistiche generali
  • Questo quiz è stato fatto 361 volte
  • Il punteggio medio è 8 su 15
Answers on the Grid
Answers color-coded by a green-red scale on the quiz's grid according to % correct below.
Afghanistan
Austria
Bielorussia
Botswana
Repubblica Centrafricana
Etiopia
Kirghizistan
Malawi
Mongolia
Paraguay
Serbia
Sudan del Sud
Tagikistan
Città del Vaticano
Zimbabwe
Uruguay
Belize
Gabon
Guinea
Giordania
Bosnia ed Erzegovina
Estonia
Myanmar
Corea del Nord
Brunei
Haiti
Suriname
Gambia
Portogallo
Pakistan
 
Statistiche sulle risposte
Risposta % Corretto
Città del Vaticano
72%
Austria
70%
Serbia
64%
Repubblica Centrafricana
63%
Mongolia
62%
Bielorussia
60%
Sudan del Sud
56%
Paraguay
53%
Tagikistan
51%
Afghanistan
50%
Kirghizistan
50%
Botswana
47%
Malawi
46%
Etiopia
42%
Zimbabwe
41%
Nessun quiz corrispondente trovato
Distribuzione punteggi
Percentuale di utenti per punteggio
Percentile per numero di risposta
I tuoi punteggi nel tempo
Non hai fatto questo quiz